000 00314nam a2200133Ia 4500
100 _aWeatherburn/C.E
942 _cBK
654 _aMaths
245 _aA First course in Mathematical Statistics
260 _bEnglish language book society
_aLondon
_c1962
082 _a519.5
300 _a277
546 _aENGLISH
999 _c25879
_d25879